[Event "Florianopolis op 9th"]
[Site "Florianopolis"]
[Date "2023.01.27"]
[Round "7"]
[White "Freitas, Ronan Cunha"]
[Black "Curi, Gabriel"]
[Result "0-1"]
[WhiteElo "1898"]
[BlackElo "2136"]
[PlyCount "66"]
[EventDate "2023.01.23"]
[EventType "swiss"]
[EventRounds "10"]
[EventCountry "BRA"]
[SourceTitle "CBM 212 Extra"]
[Source "ChessBase"]
[SourceDate "2023.03.31"]
[SourceVersion "1"]
[SourceVersionDate "2023.03.31"]
[SourceQuality "1"]

1. d4 d5 2. c4 c6 3. Nf3 e6 4. cxd5 exd5 5. Qc2 Bd6 6. Bg5 Ne7 7. e3 Bf5 8. Bd3 Bxd3 9. Qxd3 0-0 10. 0-0 Re8 11. Nc3 f6 12. Bh4 Na6 13. a3 Qd7 14. Bg3 Nf5 15. Bxd6 Nxd6 16. b4 Nc7 17. Rac1 a5 18. Na4 Qe7 19. Nc5 axb4 20. axb4 b6 21. Nb3 Na6 22. Nbd2 Nxb4 23. Qb1 Ra4 24. e4 Nxe4 25. Nxe4 Qxe4 26. Qb3 Rea8 27. Rfe1 Qd3 28. Rc3 Qg6 29. Rce3 h6 30. Re7 Qd3 31. Re8+ Kh7 32. Qb2 Rxe8 33. Rxe8 Qc2 0-1

[Event "Florianopolis op 9th"]
[Site "Florianopolis"]
[Date "2023.01.26"]
[Round "5"]
[White "Dominguez, Facundo"]
[Black "Freitas, Ronan Cunha"]
[Result "0-1"]
[WhiteElo "2132"]
[BlackElo "1898"]
[PlyCount "100"]
[EventDate "2023.01.23"]
[EventType "swiss"]
[EventRounds "10"]
[EventCountry "BRA"]
[SourceTitle "CBM 212 Extra"]
[Source "ChessBase"]
[SourceDate "2023.03.31"]
[SourceVersion "1"]
[SourceVersionDate "2023.03.31"]
[SourceQuality "1"]

1. e4 c5 2. Nf3 Nc6 3. d4 cxd4 4. Nxd4 Nf6 5. Nc3 e5 6. Ndb5 d6 7. Bg5 a6 8. Na3 b5 9. Nd5 Be7 10. Bxf6 Bxf6 11. c3 Bg5 12. Nc2 Rb8 13. h4 Bxh4 14. Qh5 Bg5 15. g3 g6 16. Qe2 h5 17. Bg2 Kf8 18. f4 exf4 19. gxf4 Bh4+ 20. Kd2 Be6 21. Nce3 Bf6 22. Nxf6 Qxf6 23. e5 dxe5 24. Bxc6 exf4 25. Nc2 Kg7 26. Rag1 Bg4 27. Bf3 b4 28. Kc1 bxc3 29. b3 Rhe8 30. Qf2 Bxf3 31. Qxf3 Rb5 32. Rxh5 Rxh5 33. Qxh5 f3 34. Qg4 Re2 35. Rf1 Qd8 36. Rd1 Qf6 37. Rf1 Rg2 38. Qe4 a5 39. Kb1 g5 40. Qd4 Qxd4 41. Nxd4 g4 42. Nf5+ Kf6 43. Ne3 Rb2+ 44. Ka1 Kg5 45. Nd1 Re2 46. Nxc3 Re3 47. Kb2 g3 48. Nd1 Re2+ 49. Kc1 g2 50. Rg1 Rxa2 0-1

[Event "Florianopolis op 9th"]
[Site "Florianopolis"]
[Date "2023.01.24"]
[Round "2"]
[White "Freitas, Ronan Cunha"]
[Black "Flores Quillas, Diego Saul Rodrigo"]
[Result "0-1"]
[WhiteElo "1898"]
[BlackElo "2321"]
[PlyCount "90"]
[EventDate "2023.01.23"]
[EventType "swiss"]
[EventRounds "10"]
[EventCountry "BRA"]
[SourceTitle "CBM 212 Extra"]
[Source "ChessBase"]
[SourceDate "2023.03.31"]
[SourceVersion "1"]
[SourceVersionDate "2023.03.31"]
[SourceQuality "1"]

1. d4 Nf6 2. c4 e6 3. Nf3 Bb4+ 4. Nbd2 b6 5. g3 Bb7 6. Bg2 0-0 7. 0-0 Bxd2 8. Qxd2 d6 9. b3 Nbd7 10. Bb2 Be4 11. b4 a6 12. Rfd1 b5 13. c5 Nb8 14. Rac1 Nc6 15. Qe1 a5 16. cxd6 Qxd6 17. d5 exd5 18. bxa5 Rfe8 19. Qc3 Ra6 20. e3 h6 21. Qc5 Qxc5 22. Rxc5 Nxa5 23. Rxc7 Nc4 24. Bxf6 Rxf6 25. Nd4 Bxg2 26. Kxg2 Ra8 27. Ra1 Ra3 28. Nb3 Rfa6 29. Rc8+ Kh7 30. Rc5 Rxa2 31. Rxa2 Rxa2 32. Kf3 Ne5+ 33. Kg2 Ng4 34. Kf3 f5 35. Kg2 Rxf2+ 36. Kg1 Rb2 37. Rxb5 Nxe3 38. Nd4 Rg2+ 39. Kh1 Rd2 40. Nf3 Rd1+ 41. Ng1 d4 42. Re5 Rf1 43. Re8 d3 44. Rd8 Rd1 45. h3 d2 0-1

[Event "Florianopolis op 9th"]
[Site "Florianopolis"]
[Date "2023.01.24"]
[Round "3"]
[White "Lora, Miguel Said Brasil"]
[Black "Freitas, Ronan Cunha"]
[Result "0-1"]
[WhiteElo "1566"]
[BlackElo "1898"]
[PlyCount "179"]
[EventDate "2023.01.23"]
[EventType "swiss"]
[EventRounds "10"]
[EventCountry "BRA"]
[SourceTitle "CBM 212 Extra"]
[Source "ChessBase"]
[SourceDate "2023.03.31"]
[SourceVersion "1"]
[SourceVersionDate "2023.03.31"]
[SourceQuality "1"]

1. e4 c5 2. Nf3 Nc6 3. d4 cxd4 4. Nxd4 Nf6 5. Nc3 e5 6. Nxc6 bxc6 7. a3 h6 8. Be3 d5 9. exd5 cxd5 10. Bb5+ Bd7 11. Bxd7+ Qxd7 12. Bc1 Bc5 13. Qe2 0-0 14. 0-0 Rfe8 15. Rb1 Rac8 16. Qb5 Qf5 17. Qd3 e4 18. Qh3 Qxh3 19. gxh3 d4 20. Nb5 a6 21. b4 axb5 22. bxc5 Rxc5 23. Bb2 Rd8 24. Rfd1 Rcd5 25. Rd2 Nh5 26. Rbd1 Nf4 27. Kf1 d3 28. cxd3 exd3 29. f3 Nxh3 30. Kg2 Nf4+ 31. Kf2 Ne6 32. Rg1 g6 33. Bf6 Rc8 34. Rgd1 Rc2 35. Ke3 Rxd2 36. Rxd2 Nc5 37. Bd4 Kf8 38. Bxc5+ Rxc5 39. Rxd3 Ke7 40. Kf4 Rf5+ 41. Kg3 Ke6 42. Rd4 Rd5 43. Re4+ Re5 44. Rd4 Rc5 45. Rb4 h5 46. a4 bxa4 47. Rxa4 g5 48. h4 f6 49. Rb4 Kf5 50. Ra4 Re5 51. Rb4 Re3 52. Rb5+ Kg6 53. hxg5 fxg5 54. Rb6+ Kf5 55. Rb5+ Re5 56. Rb4 h4+ 57. Kf2 Rd5 58. Ke3 Rd1 59. Rb5+ Kf6 60. Rb6+ Kg7 61. Rb7+ Kg6 62. Rb6+ Kh5 63. Rb8 Ra1 64. Rh8+ Kg6 65. Rb8 Ra2 66. Rg8+ Kf6 67. Rh8 Rg2 68. Rh7 Rh2 69. Rh8 Rh1 70. Rh6+ Kf5 71. Rh5 Re1+ 72. Kf2 Re8 73. Rh7 Rb8 74. Ke3 Rb3+ 75. Kf2 Rb8 76. Ke3 Kg6 77. Rc7 Rb3+ 78. Kf2 Rb2+ 79. Kg1 Kf5 80. Rc4 h3 81. Ra4 Rg2+ 82. Kh1 Rf2 83. Kg1 Rxf3 84. Kh2 g4 85. Ra1 Rf2+ 86. Kh1 g3 87. Ra5+ Kg4 88. Ra4+ Rf4 89. Ra1 h2 90. Ra2 0-1

[Event "Goiania op"]
[Site "Goiania"]
[Date "2021.02.27"]
[Round "3"]
[White "Freitas, Ronan Cunha"]
[Black "Macedo, Joao Arlindo dos Sa"]
[Result "1-0"]
[WhiteElo "1831"]
[BlackElo "1613"]
[PlyCount "51"]
[EventDate "2021.02.26"]
[EventType "swiss"]
[EventRounds "6"]
[EventCountry "BRA"]
[SourceTitle "EXT 2022"]
[Source "ChessBase"]
[SourceDate "2021.10.06"]
[SourceVersion "1"]
[SourceVersionDate "2021.10.06"]
[SourceQuality "1"]

1. d4 f5 2. e4 d5 3. exd5 Qxd5 4. Nc3 Qd8 5. Bc4 e6 6. Nf3 Nc6 7. Bb5 Bd7 8. 0-0 Nf6 9. d5 exd5 10. Re1+ Be7 11. Nxd5 0-0 12. Bxc6 Bxc6 13. Nxe7+ Kh8 14. Nxc6 bxc6 15. Nd4 Ne4 16. Ne6 Qh4 17. g3 Qh3 18. Nxf8 Nxf2 19. Qe2 Ng4 20. Nd7 h5 21. Ne5 Re8 22. Nf7+ Kh7 23. Ng5+ Kg6 24. Qxe8+ Kh6 25. Re6+ Nf6 26. Qh8+ 1-0

[Event "BRA-ch sf1"]
[Site "Brasilia"]
[Date "2019.06.09"]
[Round "4"]
[White "Freitas, Ronan Cunha"]
[Black "Felix, Raimundo Nascimento"]
[Result "1-0"]
[WhiteElo "1832"]
[BlackElo "1995"]
[PlyCount "95"]
[EventDate "2019.06.07"]
[EventType "swiss"]
[EventRounds "5"]
[EventCountry "BRA"]
[SourceTitle "CBM 190 Extra"]
[Source "ChessBase"]
[SourceDate "2019.07.15"]
[SourceVersion "1"]
[SourceVersionDate "2019.07.15"]
[SourceQuality "1"]

1. d4 Nf6 2. Nf3 g6 3. c4 Bg7 4. Nc3 d6 5. e4 0-0 6. Be2 e5 7. Be3 Nc6 8. d5 Ne7 9. Nd2 Nd7 10. b4 f5 11. f3 a5 12. a3 b6 13. Rc1 Rf7 14. 0-0 f4 15. Bf2 g5 16. Nb5 axb4 17. axb4 Ng6 18. c5 bxc5 19. bxc5 Nxc5 20. Bxc5 dxc5 21. d6 Be6 22. Nxc7 Rxc7 23. dxc7 Qxc7 24. Bc4 Qf7 25. Qb3 Bxc4 26. Qxc4 Bf8 27. Ra1 Rd8 28. Qxf7+ Kxf7 29. Nc4 Rd4 30. Rfc1 g4 31. Rc2 Kf6 32. Kf2 h5 33. Ra6+ Kf7 34. g3 gxf3 35. gxf4 exf4 36. e5 Be7 37. Nd6+ Kg8 38. Nf5 Bh4+ 39. Nxh4 Nxh4 40. Rxc5 Rd2+ 41. Ke1 Re2+ 42. Kd1 Nf5 43. Rc7 Ne3+ 44. Kc1 Re1+ 45. Kb2 Nc4+ 46. Rxc4 f2 47. Rc8+ Kg7 48. Rc7+ 1-0

[Event "BRA-ch U16"]
[Site "Juiz de Fora"]
[Date "2019.04.20"]
[Round "4"]
[White "Tomiello, Mateus Costamilan"]
[Black "Freitas, Ronan Cunha"]
[Result "1-0"]
[WhiteElo "2026"]
[BlackElo "1729"]
[PlyCount "77"]
[EventDate "2019.04.18"]
[EventType "swiss"]
[EventRounds "6"]
[EventCountry "BRA"]
[SourceTitle "CBM 190 Extra"]
[Source "ChessBase"]
[SourceDate "2019.07.15"]
[SourceVersion "1"]
[SourceVersionDate "2019.07.15"]
[SourceQuality "1"]

1. e4 c5 2. Nf3 Nc6 3. d4 cxd4 4. Nxd4 Nf6 5. Nc3 e5 6. Ndb5 d6 7. Bg5 a6 8. Na3 b5 9. Nd5 Be7 10. Bxf6 Bxf6 11. c4 b4 12. Nc2 a5 13. g3 Bg5 14. Bg2 0-0 15. 0-0 Rb8 16. b3 Be6 17. f4 exf4 18. gxf4 Bh6 19. Nce3 Ne7 20. Qd3 Nxd5 21. cxd5 Bd7 22. Nc4 Bb5 23. Rae1 Re8 24. e5 Qc7 25. Qd4 Bxc4 26. bxc4 g6 27. exd6 Qxd6 28. Rxe8+ Rxe8 29. c5 Qb8 30. d6 Bg7 31. Qd5 Rd8 32. f5 Qa7 33. Kh1 Bf8 34. Be4 g5 35. f6 h6 36. Qf5 Bg7 37. Qh7+ Kf8 38. Qxg7+ Ke8 39. Bc6+ 1-0

[Event "Catalao op 1st"]
[Site "Catalao"]
[Date "2019.02.09"]
[Round "3"]
[White "Freitas, Ronan Cunha"]
[Black "Xavier, Gabriel Vaz da Cost"]
[Result "1-0"]
[WhiteElo "1687"]
[BlackElo "1426"]
[PlyCount "38"]
[EventDate "2019.02.09"]
[EventType "swiss"]
[EventRounds "5"]
[EventCountry "BRA"]
[SourceTitle "CBM 189 Extra"]
[Source "ChessBase"]
[SourceDate "2019.06.03"]
[SourceVersion "1"]
[SourceVersionDate "2019.06.03"]
[SourceQuality "1"]

1. d4 Nf6 2. Nf3 b6 3. g3 Bb7 4. Bg2 e6 5. 0-0 Be7 6. c4 0-0 7. Nc3 d5 8. Ne5 Nbd7 9. Re1 c5 10. e3 cxd4 11. exd4 Nxe5 12. dxe5 Ne4 13. Nxe4 dxe4 14. Qc2 Bc5 15. Be3 Qc7 16. Bxc5 Qxc5 17. Bxe4 Bxe4 18. Qxe4 f5 19. exf6 Rxf6 1-0

[Event "Brasilia Terraviva op"]
[Site "Brasilia"]
[Date "2019.01.10"]
[Round "1"]
[White "Rocha, Vitor Firmo de Souz"]
[Black "Freitas, Ronan Cunha"]
[Result "1-0"]
[WhiteElo "2178"]
[BlackElo "1661"]
[PlyCount "73"]
[EventDate "2019.01.10"]
[EventType "swiss"]
[EventRounds "7"]
[EventCountry "BRA"]
[SourceTitle "CBM 188 Extra"]
[Source "ChessBase"]
[SourceDate "2019.02.26"]
[SourceVersion "1"]
[SourceVersionDate "2019.02.26"]
[SourceQuality "1"]

1. e4 c5 2. Nf3 Nc6 3. d4 cxd4 4. Nxd4 Nf6 5. Nc3 e5 6. Ndb5 d6 7. Bg5 a6 8. Na3 b5 9. Bxf6 gxf6 10. Nd5 f5 11. c3 fxe4 12. Bxb5 Bd7 13. Ba4 Ra7 14. Nc4 Nb8 15. Ncb6 Bg7 16. Qg4 Kf8 17. Nxd7+ Nxd7 18. Bxd7 Qxd7 19. Qxe4 Rb7 20. 0-0 f5 21. Qh4 Kf7 22. b4 Qe6 23. c4 Rc8 24. Rac1 Bh6 25. f4 e4 26. g4 Rg8 27. g5 Bg7 28. Rcd1 h6 29. Kh1 hxg5 30. fxg5 Rh8 31. Qf2 Be5 32. Nf4 Qe7 33. g6+ Kg7 34. Rg1 Qh4 35. Ne6+ Kg8 36. Qxh4 Rxh4 37. Rg5 1-0

[Event "BRA-ch sf2"]
[Site "Brasilia"]
[Date "2018.07.20"]
[Round "5.7"]
[White "Freitas, Ronan Cunha"]
[Black "Xavier, Gabriel Vaz da Cost"]
[Result "1/2-1/2"]
[WhiteElo "1612"]
[BlackElo "1383"]
[PlyCount "80"]
[EventDate "2018.07.20"]
[EventType "swiss"]
[EventRounds "5"]
[EventCountry "BRA"]
[SourceTitle "EXT 2022"]
[Source "ChessBase"]
[SourceDate "2021.10.06"]
[SourceVersion "1"]
[SourceVersionDate "2021.10.06"]
[SourceQuality "1"]

1. d4 Nf6 2. c4 e6 3. Nf3 Bb4+ 4. Nbd2 b6 5. g3 Bb7 6. Bg2 0-0 7. 0-0 Be7 8. Qc2 d6 9. b3 Nbd7 10. Bb2 c5 11. Rad1 cxd4 12. Nxd4 Bxg2 13. Kxg2 Qc7 14. Ba3 Nc5 15. N2f3 a6 16. Rfe1 Nce4 17. Nd2 Nc5 18. e4 e5 19. Nf5 Ne6 20. Nf3 Nc5 21. Ng1 Rad8 22. f3 Rd7 23. Rd2 g6 24. Nxe7+ Rxe7 25. Red1 Rd8 26. Ne2 Qc6 27. Nc3 Red7 28. Nd5 Nxd5 29. Rxd5 Kg7 30. Qd2 f6 31. b4 Nb7 32. c5 b5 33. Bb2 Kf7 34. f4 Ke7 35. fxe5 dxe5 36. Kf3 Ke6 37. Rxd7 Qxd7 38. Qxd7+ Rxd7 39. Rxd7 Kxd7 40. g4 g5 1/2-1/2

[Event "BRA-ch U14"]
[Site "Florianopolis"]
[Date "2018.04.30"]
[Round "5"]
[White "Ramazzotte, Daniel Alexandre"]
[Black "Freitas, Ronan Cunha"]
[Result "1-0"]
[WhiteElo "1495"]
[BlackElo "1664"]
[PlyCount "50"]
[EventDate "2018.04.28"]
[EventType "swiss"]
[EventRounds "6"]
[EventCountry "BRA"]
[SourceTitle "EXT 2021"]
[Source "ChessBase"]
[SourceDate "2020.10.23"]
[SourceVersion "1"]
[SourceVersionDate "2020.10.23"]
[SourceQuality "1"]

1. d4 Nf6 2. c4 g6 3. Nc3 Bg7 4. Nf3 0-0 5. Bf4 d6 6. e3 Nbd7 7. h3 Re8 8. Be2 h6 9. 0-0 Nh7 10. b4 e5 11. Bh2 f5 12. Qb3 Kh8 13. Rad1 Ng5 14. dxe5 Nxf3+ 15. Bxf3 Nxe5 16. Be2 Be6 17. Nd5 c6 18. Nf4 Bf7 19. Bd3 b5 20. Nxg6+ Bxg6 21. cxb5 Bf7 22. Qc2 Nxd3 23. Rxd3 f4 24. Qxc6 d5 25. Bxf4 Qb6 1-0

[Event "Brasilia Terraviva op"]
[Site "Brasilia"]
[Date "2018.01.14"]
[Round "6"]
[White "Vicentin, Marcos Tadeu"]
[Black "Freitas, Ronan Cunha"]
[Result "1-0"]
[WhiteElo "1950"]
[BlackElo "1652"]
[PlyCount "81"]
[EventDate "2018.01.11"]
[EventType "swiss"]
[EventRounds "7"]
[EventCountry "BRA"]
[SourceTitle "CBM 182 Extra"]
[Source "ChessBase"]
[SourceDate "2018.02.23"]
[SourceVersion "1"]
[SourceVersionDate "2018.02.23"]
[SourceQuality "1"]

1. Nf3 Nf6 2. g3 d5 3. Bg2 Nbd7 4. c4 c6 5. b3 e6 6. 0-0 Be7 7. Bb2 0-0 8. d3 Qc7 9. Nbd2 a6 10. e4 dxe4 11. dxe4 e5 12. Qc2 Bc5 13. Bc3 a5 14. a3 Re8 15. b4 Bf8 16. Qb2 b6 17. Rfe1 Ba6 18. Rac1 Rad8 19. h3 Bb7 20. Rb1 Ba6 21. Kh2 Nh5 22. Bf1 Bd6 23. c5 Nxc5 24. bxc5 Bxc5 25. Bxa6 Bxf2 26. Nf1 Bxe1 27. Rxe1 b5 28. a4 Rd3 29. Kg2 Red8 30. Bxe5 Qa7 31. axb5 f6 32. Bc3 Qb6 33. Qa2+ Kh8 34. Bxa5 Qa7 35. Bxd8 Rxd8 36. Qa5 Ra8 37. b6 Qxa6 38. Qxa6 Rxa6 39. b7 Ra2+ 40. N1d2 Rb2 41. Ra1 1-0

[Event "Brasilia Terraviva op"]
[Site "Brasilia"]
[Date "2018.01.13"]
[Round "5"]
[White "Freitas, Ronan Cunha"]
[Black "Robinson, Malcolm"]
[Result "1-0"]
[WhiteElo "1652"]
[BlackElo "1853"]
[PlyCount "64"]
[EventDate "2018.01.11"]
[EventType "swiss"]
[EventRounds "7"]
[EventCountry "BRA"]
[SourceTitle "CBM 182 Extra"]
[Source "ChessBase"]
[SourceDate "2018.02.23"]
[SourceVersion "1"]
[SourceVersionDate "2018.02.23"]
[SourceQuality "1"]

1. d4 Nf6 2. Bf4 c5 3. c3 cxd4 4. cxd4 d5 5. h3 Bf5 6. Nf3 Nc6 7. Nc3 e6 8. e3 Bd6 9. Ne5 0-0 10. Be2 Bxe5 11. dxe5 Nd7 12. 0-0 Ndxe5 13. Rc1 Rc8 14. Nb5 Bg6 15. Nxa7 Ra8 16. Nxc6 Nxc6 17. a3 Qb6 18. b3 Rfd8 19. a4 Rac8 20. Bd3 Bxd3 21. Qxd3 e5 22. Bg3 f6 23. Rfd1 g6 24. Bh4 Kg7 25. Kh1 d4 26. exd4 Rxd4 27. Qf3 Rxd1+ 28. Rxd1 Nd4 29. Bxf6+ Kf7 30. Rxd4 Rc1+ 31. Kh2 Qxf6 32. Rd7+ Ke6 1-0

[Event "Brazil Fiesta op"]
[Site "Brazil"]
[Date "2017.07.22"]
[Round "4"]
[White "Rodrigues, Joao Batista"]
[Black "Freitas, Ronan Cunha"]
[Result "0-1"]
[WhiteElo "1699"]
[BlackElo "1570"]
[PlyCount "93"]
[EventDate "2017.07.21"]
[EventType "swiss"]
[EventRounds "6"]
[EventCountry "BRA"]
[SourceTitle "EXT 2019"]
[Source "ChessBase"]
[SourceDate "2018.10.10"]
[SourceVersion "1"]
[SourceVersionDate "2018.10.10"]
[SourceQuality "1"]

1. e4 c5 2. Nf3 Nc6 3. d4 cxd4 4. Nxd4 Nf6 5. Nc3 e5 6. Ndb5 d6 7. Nd5 Nxd5 8. exd5 Nb8 9. Be2 a6 10. Nc3 Be7 11. 0-0 0-0 12. f4 f6 13. Kh1 Nd7 14. Ne4 f5 15. Ng5 Nb6 16. c4 e4 17. Be3 h6 18. Ne6 Bxe6 19. dxe6 Rc8 20. Qb3 Rc6 21. Rad1 Qc7 22. Bxb6 Rxb6 23. Qc2 Qc8 24. b3 Kh8 25. Qd2 Qxe6 26. Qd5 Qxd5 27. Rxd5 g6 28. g3 Rc6 29. Rfd1 Rd8 30. b4 b6 31. a4 Kg7 32. c5 bxc5 33. bxc5 a5 34. cxd6 Rcxd6 35. Rxd6 Rxd6 36. Rxd6 Bxd6 37. Kg2 g5 38. fxg5 hxg5 39. Bb5 Kf6 40. Kf2 f4 41. g4 Bc5+ 42. Kf1 Ke5 43. Bc6 f3 44. h3 Kf4 45. Bd5 e3 46. Bc4 e2+ 47. Ke1 0-1

[Event "Brazil Fiesta op"]
[Site "Brazil"]
[Date "2017.07.21"]
[Round "1"]
[White "Freitas, Ronan Cunha"]
[Black "Maciel, Diogo Alves"]
[Result "0-1"]
[WhiteElo "1570"]
[BlackElo "1951"]
[PlyCount "68"]
[EventDate "2017.07.21"]
[EventType "swiss"]
[EventRounds "6"]
[EventCountry "BRA"]
[SourceTitle "EXT 2019"]
[Source "ChessBase"]
[SourceDate "2018.10.10"]
[SourceVersion "1"]
[SourceVersionDate "2018.10.10"]
[SourceQuality "1"]

1. d4 Nf6 2. Nf3 e6 3. c4 b6 4. Nc3 Bb7 5. Qc2 Bb4 6. Bg5 Be4 7. Bxf6 Bxc2 8. Bxd8 Kxd8 9. Rc1 Bxc3+ 10. bxc3 Be4 11. Ng5 Bg6 12. g3 h6 13. Bg2 hxg5 14. Bxa8 c6 15. f3 Kc7 16. Kf1 Na6 17. Bxc6 Kxc6 18. Kg2 Kb7 19. Rhd1 Rc8 20. c5 bxc5 21. d5 g4 22. dxe6 gxf3+ 23. exf3 dxe6 24. Rd7+ Rc7 25. Rcd1 Rxd7 26. Rxd7+ Nc7 27. Rd8 Nd5 28. Rg8 Nxc3 29. a3 Nb1 30. a4 c4 31. Kf1 c3 32. Rxg7 c2 33. Rxg6 c1Q+ 34. Kg2 fxg6 0-1

[Event "BRA-ch U14"]
[Site "Brasilia"]
[Date "2017.04.21"]
[Round "1"]
[White "Balena, Vinicius"]
[Black "Freitas, Ronan Cunha"]
[Result "1/2-1/2"]
[WhiteElo "1770"]
[BlackElo "1597"]
[PlyCount "47"]
[EventDate "2017.04.21"]
[EventType "swiss"]
[EventRounds "6"]
[EventCountry "BRA"]
[SourceTitle "CBM 177 Extra"]
[Source "ChessBase"]
[SourceDate "2017.04.27"]
[SourceVersion "1"]
[SourceVersionDate "2017.04.27"]
[SourceQuality "1"]

1. e4 c5 2. Nf3 Nc6 3. Bc4 e6 4. d4 cxd4 5. Nxd4 d6 6. Nb3 Nf6 7. Bg5 Be7 8. Nc3 a6 9. a4 0-0 10. a5 Nd7 11. Bxe7 Qxe7 12. 0-0 Nde5 13. Bd3 Bd7 14. f4 Nxd3 15. cxd3 Rfc8 16. f5 Ne5 17. d4 Nc4 18. Rb1 Ne3 19. Qh5 Nxf1 20. Rxf1 exf5 21. exf5 g6 22. Nd5 Qd8 23. Qg4 Bc6 24. Nf4 1/2-1/2

[Event "Brasilia Terraviva op"]
[Site "Brasilia"]
[Date "2017.01.08"]
[Round "5"]
[White "Braga, Marcelo Melem"]
[Black "Freitas, Ronan Cunha"]
[Result "0-1"]
[WhiteElo "1615"]
[BlackElo "1678"]
[PlyCount "45"]
[EventDate "2017.01.06"]
[EventType "swiss"]
[EventRounds "6"]
[EventCountry "BRA"]
[SourceTitle "CBM 176 Extra"]
[Source "ChessBase"]
[SourceDate "2017.03.02"]
[SourceVersion "1"]
[SourceVersionDate "2017.03.02"]
[SourceQuality "1"]

1. d4 Nf6 2. c4 g6 3. Nc3 Bg7 4. Bg5 d6 5. Bxf6 Bxf6 6. e4 0-0 7. h3 Na6 8. Nf3 c5 9. a3 cxd4 10. Nd5 Bg7 11. Rb1 e5 12. b4 Nc7 13. Rc1 f5 14. Bd3 Nxd5 15. cxd5 Qf6 16. Nd2 Bh6 17. 0-0 Qg5 18. Nf3 Qxc1 19. Qxc1 Bxc1 20. Rxc1 fxe4 21. Bxe4 Bf5 22. Nd2 Rac8 23. Rc5 0-1

[Event "Brasilia Terraviva op"]
[Site "Brasilia"]
[Date "2017.01.07"]
[Round "4"]
[White "Freitas, Ronan Cunha"]
[Black "Labussiere, Yago"]
[Result "0-1"]
[WhiteElo "1678"]
[BlackElo "1673"]
[PlyCount "74"]
[EventDate "2017.01.06"]
[EventType "swiss"]
[EventRounds "6"]
[EventCountry "BRA"]
[SourceTitle "CBM 176 Extra"]
[Source "ChessBase"]
[SourceDate "2017.03.02"]
[SourceVersion "1"]
[SourceVersionDate "2017.03.02"]
[SourceQuality "1"]

1. d4 Nf6 2. c4 g6 3. Nc3 Bg7 4. e4 d6 5. f4 c5 6. d5 Nbd7 7. Nf3 0-0 8. Bd3 a6 9. 0-0 Ne8 10. Qc2 Nc7 11. Bd2 Rb8 12. a4 e6 13. Rae1 exd5 14. exd5 Nf6 15. f5 Bd7 16. fxg6 hxg6 17. Bf4 Bg4 18. Ng5 b5 19. Nxf7 Rxf7 20. Bxg6 Re7 21. Rxe7 Qxe7 22. Bg5 Rf8 23. h3 Bd7 24. Bxf6 Rxf6 25. Rxf6 Qxf6 26. Bh7+ Kh8 27. Qg6 Qxg6 28. Bxg6 Bxc3 29. bxc3 bxa4 30. Bb1 a3 31. Kf2 Ba4 32. g4 Bb3 33. h4 a2 34. Bxa2 Bxa2 35. Ke2 Bxc4+ 36. Kd2 Nxd5 37. Kc2 Ne3+ 0-1